00983cam a22002533a 450000100060000000300060000600500170001200800410002904000150007004200070008505000070009210000320009924502010013126000290033250600730036151600200043465300550045465300490050983000290055885600420058794200070062999900190063695200740065519297PGUSA20140828083417.0060918s2006||||xxu|||||s|||||000 | eng d aPGUSAbeng adc 4aBP1 aShoghi, Effendi,d1897-195714aThe Unfolding Destiny of the British Bahá'í Community :bthe Messages from the Guardian of the Bahá'í Faith to the Bahá'ís of the British Islesh[electronic resource] /cEffendi Shoghi bProject Gutenberg,c2006 aCopyrighted. Read the copyright notice inside this book for details. aElectronic text aBahai Faith -- Great Britain -- History -- Sources aShoghi, Effendi, 1897-1957 -- Correspondence 0aProject Gutenbergv1929740uhttp://www.gutenberg.org/ebooks/19297 cEB c248552d248552 001040aGTBbGTBd2014-08-28l0r2014-08-28 00:00:00w2014-08-28yEB